Top 5 Countries With The Longest Coastlines By Continent - Statistics

General Stats
  • This quiz has been taken 83 times
  • The average score is 27 of 30
Answer Stats
Coastline Length Answer % Correct
202,080 km Canada
100%
9,330 km Mexico
99%
12,429 km United Kingdom
99%
19,924 km United States
99%
4,989 km Argentina
97%
7,491 km Brazil
97%
14,500 km China
97%
37,653 km Russia
97%
25,760 km Australia
96%
6,435 km Chile
96%
13,676 km Greece
96%
54,716 km Indonesia
96%
29,751 km Japan
96%
15,134 km New Zealand
95%
3,208 km Colombia
93%
83,281 km Norway
93%
2,798 km South Africa
93%
7,600 km Italy
92%
2,800 km Venezuela
92%
3,735 km Cuba
89%
36,289 km Philippines
88%
5,152 km Papua New Guinea
87%
2,945 km Morocco
85%
4,828 km Madagascar
84%
7,314 km Denmark
83%
2,470 km Mozambique
83%
3,333 km Somalia
83%
3,542 km Bahamas
81%
5,313 km Solomon Islands
77%
6,112 km Micronesia
73%
No matching quizzes found
Score Distribution
Percent of People with Each Score
Percentile by Number Answered
Your Score History
You have not taken this quiz